STRUCTURE- BASED DRUG DISCOVERY (Record no. 15867)
[ view plain ]
| 000 -LEADER | |
|---|---|
| fixed length control field | 00370nam a2200157Ia 4500 |
| 003 - CONTROL NUMBER IDENTIFIER | |
| control field | OSt |
| 005 - DATE AND TIME OF LATEST TRANSACTION | |
| control field | 20231221061157.0 |
| 008 - FIXED-LENGTH DATA ELEMENTS--GENERAL INFORMATION | |
| fixed length control field | 170617s9999 xx 000 0 und d |
| 020 ## - INTERNATIONAL STANDARD BOOK NUMBER | |
| International Standard Book Number | 9788184894820 |
| 040 ## - CATALOGING SOURCE | |
| Transcribing agency | IIMT UNIVERSITY |
| 100 ## - MAIN ENTRY--PERSONAL NAME | |
| Personal name | JHOTI - HARREN |
| 245 #0 - TITLE STATEMENT | |
| Title | STRUCTURE- BASED DRUG DISCOVERY |
| 260 ## - PUBLICATION, DISTRIBUTION, ETC. | |
| Name of publisher, distributor, etc. | DEHLI-SPRINGER |
| 260 ## - PUBLICATION, DISTRIBUTION, ETC. | |
| Date of publication, distribution, etc. | 2010 |
| 942 ## - ADDED ENTRY ELEMENTS (KOHA) | |
| Source of classification or shelving scheme | |
| Koha item type | Text-Book- for 7 days |
| Withdrawn status | Lost status | Source of classification or shelving scheme | Damaged status | Not for loan | Home library | Current library | Date acquired | Source of acquisition | Cost, normal purchase price | Barcode | Date last seen | Price effective from | Koha item type | Total Checkouts |
|---|---|---|---|---|---|---|---|---|---|---|---|---|---|---|
| IIMT University College of Medical Sciences | IIMT University College of Medical Sciences | 06/23/2017 | 3 | 495.00 | 02-B-10056 | 06/23/2017 | 06/23/2017 | Reference Book | ||||||
| IIMT University College of Medical Sciences | IIMT University College of Medical Sciences | 06/23/2017 | 3 | 495.00 | 02-B-10057 | 06/23/2017 | 06/23/2017 | Text-Book- for 7 days | ||||||
| IIMT University College of Medical Sciences | IIMT University College of Medical Sciences | 06/23/2017 | 3 | 495.00 | 02-B-10058 | 06/23/2017 | 06/23/2017 | Text-Book- for 7 days | ||||||
| IIMT University College of Medical Sciences | IIMT University College of Medical Sciences | 06/23/2017 | 3 | 495.00 | 02-B-10059 | 06/23/2017 | 06/23/2017 | Text-Book- for 7 days |

